000 00272nam a2200109Ia 4500
008 200302s9999 xx 000 0 und d
100 _aArian Mostaedi
245 _aNew Perspectives: Renovated Houses
260 _bCarles Broto Publisher
260 _c2007
300 _a255 P.,
999 _c3830
_d3830